Bullarum, diplomatum et privilegiorum sanctorum romanorum pontificum ... : programma ac documenta programma ac documenta

Publicado: Augustae Taurinorum [Torí] : Seb. Franco et Henrico Dalmazzo , 1861
Descripción Física: [22] p. ; 29 cm

MARC

LEADER 00000nam a2200000Ia 4500
001 12650
008 160829s1861 xx 000 0 cat d
080 |a RF-11-21 
245 |a Bullarum, diplomatum et privilegiorum sanctorum romanorum pontificum ... :  |b  programma ac documenta 
250 |a Taurinensis editio 
260 |a Augustae Taurinorum [Torí] :  |b Seb. Franco et Henrico Dalmazzo,  |c 1861 
300 |a [22] p. ;  |c 29 cm 
590 |a Prové de 951.  
590 |a Conté un directori dels associats al 'Bollario Romano' 
650 |a Butlles pontifícies  |x Catàlegs  |9 46862 
856 4 |u https://media.diba.cat/diba/fitxers/arxiu/fulletons/bib_12650_1861_baixa.pdf  |y Accés lliure 
856 4 |u https://media.diba.cat/diba/fitxers/arxiu/fulletons/bib_12650_1861_baixa.pdf  |y Accés lliure 
901 |a Arxiu 
942 |n 1  |2 udc 
952 |0 0  |1 0  |4 0  |6 RF1121  |7 1  |9 53499  |a Arxiu  |b Arxiu  |d 2016-12-01  |l 0  |o RF-11-21  |p 12650  |r 2016-12-01 00:00:00  |w 2016-12-01  |y ARXIU 
999 |c 57365  |d 57365 
900 |a bib_12650_1861_baixa.pdf